01396 a2200205 45000010006000000050017000060080041000230030015000640400040000790800063001192450048001820200022002302640059002523000019003115050690003300410008010201000045010287000018010738560099010914594820260407155732.0260407a2008 arg spa dAR-UNSa-BCEJYS aAR-UNSa-BCEJYSbspacAR-UNSa-BCEJYS a316.728xEstilo de vida. Sociología de la vida cotidiana10aCalidad de vidapmás allá de los hechos a978-1-59782-083-7 1aWashington :bBanco Interamericano de Desarrolloc2008 a290 p.c23 cm. aParte I: Preparativos para la función: 1. Calidad de vida desde otro ángulo – 2. La personalidad de las percepciones sobre la calidad de vida – 3. La conflictiva relación entre el ingreso y la satisfacción – 4. La satisfacción más allá del ingreso - - Parte II: Hechos y opiniones en escena: 5. Tomando el pulso de la calidad de la salud – 6. Lecciones sobre las percepciones y la calidad de la educación – 7. La calidad del trabajo: una cuestión de enfoque – 8. Calidad de vida urbana: más que ladrillos y cemento - - Parte III: Acto final: 9. ¿Es la gente la que elige? La importancia de las opiniones en el proceso de formulación de políticas.  aspa1 aBanco Interamericano de Desarrollo (BID)1 aLora, Eduardo41uhttps://www.biblioeco.unsa.edu.ar/pmb/images/libros/L127235.jpgyImagen de portadaqimage/jpeg